00800nam a2200217 a 450000100100000000500170001000800410002704000250006810000240009324000270011724500880014425000120023226000370024430000210028149000430030250400320034570000300037783000530040795201050046099900170056500004167920201002035712.0131015s1972 sp 000 0 spa d aDO-SdBNPbspacBNPHU1 aLeach, E. R.96848110aRethinking antropology10aReplanteamiento de la antropología /cE.R. Leach; traducción José R. Llobera. a2a. ed. aBarcelona :bSeix Barral,c1972. a225 p. ;c22 cm.1 aBiblioteca breve. Ciencias humanav309 aBibliografía : p. 212-2201 aLlobera, José R.968482 0aBiblioteca breve. Ciencias humanas ;n309968483 001050718MOaPDbPDcCTd2013-10-15iLF1l0o p41679-10r2020-06-25w2020-06-25y1ZNo se presta c41169d41169